000 00558nam a2200193Ia 4500
005 20250923145304.0
008 008 250917s9999 xx 000 0 eng d
037 _aTextual
040 _aDSWL
_beng
_cDSWL
041 _aeng
_2eng
084 _aL9C,7:i4L691, N71
_qDSWL
100 _aMarfatia, J.C.
_9833722
245 0 _aPsychiatric Problems of Children
_cby J.C. Marfatia
250 _a3rd
260 _aBombay
_b Popular Prakashan
_c1971
300 _axxii,239p.
942 _cTEXL
_hL9C,7:i4L691, N71
999 _c1449524
_d1449524